000 01194nam a2200289 a 4500
001 BRCA_8990
005 20190320210502.0
008 170717s1951----xo-a######---#000-0#slo-#
041 _aslo
044 _axo
050 4 _aPQ6323
_b.C47 1951
100 1 _aCervantes Saavedra, Miguel de
_d1547-1616
_9213
245 1 0 _aDomyselny Rytier Don Quijote de la Mancha
_cMiguel de Cervantes Saavedra ; ilustroval a obalku navrhol Vincent Hloznik.
260 _aBratislava, Eslovaquia
_c1951
300 _a356 p.
_bil (algunas a color)
_c24 cm.
500 _aDonado por la Sra. Zuzana Trepkova Paternostro, Museóloga, PhD en Historia del Arte, 13-06-2017
500 _aEstado físico : encuadernación y hojas con manchas, lomo semi desprendido pegado con masking
546 _aTexto en : eslovaco
650 1 4 _aNovela española
_yÉpoca clásica, 1500-1700
_9215
650 1 4 _aLiteratura española
_yÉpoca clásica, 1500-1700
_9216
650 1 4 _aNovela española
_ySiglo XVII
_9217
650 1 4 _aDon Quijote (Personaje ficticio)
_eNovela
_9218
700 1 _aHloznik, Vincent
_d1919-1997
_eil.
_922311
740 0 _aEl Ingenioso Hidalgo Don Quijote de la Mancha
902 _aQAG
942 _2lcc
_cB
999 _c8641
_d8641